Manzanas de España (Record no. 76518)

MARC details
000 -LEADER
campo de control de longitud fija 00771nam a2200205 i 4500
001 - NÚMERO DE CONTROL
campo de control 76518
003 - IDENTIFICADOR DE NÚMERO DE CONTROL
campo de control ES-MaACL
005 - FECHA Y HORA DE LA ÚLTIMA TRANSACCIÓN
campo de control 20260210163244.0
007 - CAMPO FIJO DE DESCRIPCIÓN FÍSICA--INFORMACIÓN GENERAL
campo de control de longitud fija t|
008 - DATOS DE LONGITUD FIJA--INFORMACIÓN GENERAL
campo de control de longitud fija 041001s1957 sp f |||| | spa d
100 1# - ENTRADA PRINCIPAL--NOMBRE DE PERSONA
Nombre de persona Guinea López, Emilio,
Fechas asociadas al nombre 1907-1985
9 (RLIN) 60863
245 10 - MENCIÓN DEL TÍTULO
Título Manzanas de España
Resto del título : Asturias /
Mención de responsabilidad, etc. Emilio Guinea.
260 ## - PUBLICACIÓN, DISTRIBUCIÓN, ETC.
Lugar de publicación, distribución, etc. Madrid :
Nombre del editor, distribuidor, etc. [s.n.],
Fecha de publicación, distribución, etc. 1957 (
Fabricante Tip. Artística)
300 ## - DESCRIPCIÓN FÍSICA
Extensión XXXIX, 209 p., 48 lám. ;
Dimensiones 24 cm.
500 ## - NOTA GENERAL
Nota general Precede al tít.: Ministerio de Agricultura. Dirección General de Agicultura. Instituto Nacional de Investigaciones Agronómicas.
650 #4 - PUNTO DE ACCESO ADICIONAL DE MATERIA--TÉRMINO DE MATERIA
Término de materia o nombre geográfico como elemento de entrada Manzanas.
9 (RLIN) 167405
710 ## - ENTRADA AGREGADA--NOMBRE DE ENTIDAD CORPORATIVA
Nombre de entidad corporativa o nombre de jurisdicción como elemento de entrada Instituto Nacional de Investigaciones Agronómicas
Sede del congreso/Lugar de la reunión (España)
9 (RLIN) 219222
852 ## - LOCALIZACIÓN
Ubicación ES-MaACL
Número de control de estantería C-12543
Holdings
Estatus retirado Estado de pérdida Estado de daño No para préstamo Biblioteca de origen Biblioteca actual Ubicación en estantería Fecha de adquisición Fuente de adquisición Total de préstamos Signatura topográfica completa Código de barras Visto por última vez Precio de reemplazo Tipo de ítem Koha
        Biblioteca del Ateneo de Madrid Biblioteca del Ateneo de Madrid Sala Palomar 17/01/2008     C-12543 1080072 23/02/2023 23/02/2023 Libro impreso